Central Library OPAC University of Rajshahi

ফোকলোর পরিচিতি এবং লোক সাহিত্যের পঠন-পাঠন / (Record no. 38081)

MARC details
000 -LEADER
fixed length control field 01049nam a2200265ua 4500
001 - CONTROL NUMBER
control field 38081
003 - CONTROL NUMBER IDENTIFIER
rucl marc code BD-RjUL
005 - DATE AND TIME OF LATEST TRANSACTION
control field 20211209052723.0
008 - FIXED-LENGTH DATA ELEMENTS--GENERAL INFORMATION
fixed length control field 150907s1974 bg b 001 0 beno
035 ## - SYSTEM CONTROL NUMBER
System control number (BD-RjUL)38186
040 ## - CATALOGING SOURCE
Original cataloging agency DLC
Transcribing agency CarP
Modifying agency DLC
-- BD-RjUL
Language of cataloging eng
041 ## - LANGUAGE CODE
Language code of text/sound track or separate title eng
082 ## - DEWEY DECIMAL CLASSIFICATION NUMBER
Classification number 398.095492
Author mark and year ISF 1974
100 1# - MAIN ENTRY--PERSONAL NAME
Personal name ইসলাম, মযহারুল,
Dates associated with a name ১৯২৮-২০০৩
9 (RLIN) 117892
245 ## - TITLE STATEMENT
Title ফোকলোর পরিচিতি এবং লোক সাহিত্যের পঠন-পাঠন /
Statement of responsibility, etc. মযহারুল ইসলাম
250 ## - EDITION STATEMENT
Edition statement ২য় সং.
260 ## - PUBLICATION, DISTRIBUTION, ETC. (IMPRINT)
Date of publication, distribution, etc. ঢাকা :
Place of publication, distribution, etc. বাংলা একাডেমী,
Name of publisher, distributor, etc. ১৯৭৪
300 ## - PHYSICAL DESCRIPTION
Pagination ৫, ৫৪৭ পৃ. ;
Size ২২ সেমি.
504 ## - BIBLIOGRAPHY, ETC. NOTE
Bibliography, etc গ্রন্থপঞ্জী ও নির্ঘন্ট সংযুক্ত ।
650 #0 - SUBJECT ADDED ENTRY--TOPICAL TERM
Topical term or geographic name as entry element লোকাচারবিদ্যা
9 (RLIN) 117893
Topical term or geographic name as entry element Folklore
9 (RLIN) 117894
942 ## - ADDED ENTRY ELEMENTS (KOHA)
Source of classification or shelving scheme Dewey Decimal Classification
Koha item type Books
Holdings
Lost status Source of classification or shelving scheme Damaged status Not for loan Collection code Permanent Location Current Location Shelving location Date acquired Source of acquisition Cost, normal purchase price Total Checkouts Full call number Date last seen Copy number Koha item type Date checked out Total Renewals
  Dewey Decimal Classification     Non-fiction Central Library, University of Rajshahi Central Library, University of Rajshahi   07/08/1983 আলীগড় লাইব্রেরী, রাজশাহী 20.00   B 398.095492 ISF 1974 07/09/2015 C-2 Books    
  Dewey Decimal Classification     Non-fiction Central Library, University of Rajshahi Central Library, University of Rajshahi   25/03/1975 Bangla Academy, Dhaka 24.00   B 398.095492 ISF 1974 24/04/2016 C-3 Books    
  Dewey Decimal Classification     Non-fiction Central Library, University of Rajshahi Central Library, University of Rajshahi   29/01/1975 Bangla Academy, Dhaka 24.00 1 B 398.095492 ISF 1974 01/03/2020 C-4 Books 17/02/2020  
  Dewey Decimal Classification     Non-fiction Central Library, University of Rajshahi Central Library, University of Rajshahi   04/12/1968 Rajshahi university 24.00 3 B 398.095492 ISF 1974 06/02/2017 C-5 Books 22/01/2017  
  Dewey Decimal Classification     Non-fiction Central Library, University of Rajshahi Central Library, University of Rajshahi   29/01/1975 Bangla Academy, Dhaka 24.00 1 B 398.095492 ISF 1974 11/02/2018 C-6 Books 23/01/2018  
  Dewey Decimal Classification     Non-fiction Central Library, University of Rajshahi Central Library, University of Rajshahi   29/01/1975 Bangla Academy 24.00   B 398.095492 ISF 1974 17/08/2016 C-7 Books    
  Dewey Decimal Classification     Non-fiction Central Library, University of Rajshahi Central Library, University of Rajshahi   29/01/1975 Bangla Academy 24.00 1 B 398.095492 ISF 1974 05/02/2018 C-8 Books 01/01/2018 1
  Dewey Decimal Classification     Non-fiction Central Library, University of Rajshahi Central Library, University of Rajshahi   29/01/1975 Bangla Academy 24.00 2 B 398.095492 ISF 1974 25/01/2018 C-9 Books 02/01/2018  
  Dewey Decimal Classification     Non-fiction Central Library, University of Rajshahi Central Library, University of Rajshahi   29/01/1975 Bangla Academy, Dhaka 24.00 8 B 398.095492 ISF 1974 28/12/2023 C-10 Books 17/12/2023  
  Dewey Decimal Classification   Not For Loan Non-fiction Central Library, University of Rajshahi Central Library, University of Rajshahi Reading Room 14/11/1974 Bangla Academy, Dhaka 24.00   B 398.095492 ISF 1974 02/10/2016 C-1 Books